| LEADER |
00708nam0a2200205 450 |
| 001 |
16821992 |
| 010 |
|
|
|a 978-2-84455-346-1
|b L'Elan vert
|d 14,2
|
| 100 |
|
|
|a 20150319d2026 u u0frey01 ba
|
| 101 |
0 |
|
|a fre
|
| 102 |
|
|
|a FR
|
| 200 |
0 |
|
|a maison en construction (La)
|e Mondrian
|f Christine Beigel, Christine Destours
|
| 207 |
|
1 |
|a
|
| 210 |
|
|
|a Paris
|c l'Elan vert
|d DL 2015
|
| 215 |
|
|
|a 1 vol. (non paginé [15] p.)
|c ill. en coul.
|d 33 cm
|
| 225 |
1 |
|
|a Pont des arts
|
| 700 |
|
0 |
|a Beigel
|b Christine
|f 1972-....
|4 70
|
| 702 |
|
0 |
|a Destours
|b Christine
|f 1965-....
|4 440
|
| 900 |
|
|
|a Album
|
| 901 |
|
|
|a Accessible au prêt
|
| 995 |
|
|
|a Bibliothèque
|c Bibliothèque
|f 024016062
|h 024016062
|k A BEI
|o p
|q j
|r az
|e Bibliothèque
|